Countries Beginning with the Letters of JETPUNK - Statistics

General Stats
  • This quiz has been taken 7,638 times
    6,255 since last reset
  • The average score is 40 of 56
Answer Stats
Country % Correct
Jamaica
90%
Japan
87%
Jordan
87%
United Kingdom
86%
Ethiopia
85%
Eritrea
84%
Estonia
83%
United States
82%
Uruguay
82%
Ecuador
78%
Turkey
78%
Uganda
78%
Kazakhstan
77%
Turkmenistan
77%
Uzbekistan
77%
Poland
75%
Peru
74%
United Arab Emirates
74%
Niger
73%
Palau
73%
Namibia
72%
Nigeria
72%
Portugal
72%
Tajikistan
72%
Thailand
72%
Kenya
71%
Paraguay
71%
Kyrgyzstan
70%
Pakistan
70%
Togo
70%
East Timor
69%
Norway
69%
Panama
69%
El Salvador
68%
Eswatini
68%
North Korea
68%
Tonga
68%
Tuvalu
68%
Egypt
67%
Tanzania
67%
Ukraine
67%
Trinidad & Tobago
66%
Kiribati
65%
Nauru
65%
Nicaragua
64%
Netherlands
63%
Kosovo
62%
Tunisia
62%
Philippines
61%
Kuwait
60%
Taiwan
60%
Nepal
59%
New Zealand
59%
Equatorial Guinea
56%
Papua New Guinea
56%
North Macedonia
52%
No matching quizzes found
Score Distribution
Percent of People with Each Score
Percentile by Number Answered
Your Score History
You have not taken this quiz since the last reset